| 000 | 00938cam a2200217 a 4500 | ||
|---|---|---|---|
| 001 | 000003651 | ||
| 005 | 20240508073814.0 | ||
| 008 | 061205s2005 uy b f001 p spa d | ||
| 020 | _a9974360927 | ||
| 040 |
_aDO-SdBNP _cZCU _dZCU _dIQU _dDLC |
||
| 082 |
_aU861.5 _bN126i |
||
| 245 | 0 | 0 |
_aNada es igual después de la poesía : _bcincuenta poetas uruguayos del medio siglo (1955-2005) / _cGerardo Ciancio, selección, prólogo y notas. |
| 246 | 3 | 0 | _aCincuenta poetas uruguayos del medio siglo (1955-2005) |
| 260 |
_a[Montevideo, Uruguay] : _bMinisterio de Educación y Cultura, Archivo General de la Nación, Centro de Difusión del Libro, _c2005. |
||
| 300 |
_a203 p. ; _c23 cm. |
||
| 504 | _aObras poéticas de los autores de la muestra: p. 193-197. | ||
| 650 | 4 |
_aPoesía uruguaya _y20th SIGLO _911193 |
|
| 650 | 4 |
_aLiteratura uruguaya _93054 |
|
| 700 | 1 |
_aCiancio, Gerardo. _d1962- _ecomp. _911194 |
|
| 910 | _aCatalogación por copia / LC | ||
| 999 |
_c3474 _d3474 |
||